San Vicente de Paul

Uloženo v:
Podrobná bibliografie
Hlavní autor: Sampedro Nieto, Francisco (Autor)
Médium: Kniha
Jazyk:španělština
Vydáno: Santiago Congregación de Padres Vicentinos 1996
Témata:
Tagy: Přidat tag
Žádné tagy, Buďte první, kdo vytvoří štítek k tomuto záznamu!

MARC

LEADER 00000nam a2200000 a 4500
001 UCS0383
003 CL-VaPUC
008 970426e19960000CL |||||||||||||||||spa|d
082 0 4 |a 248.8942  |b SAM  |2 21 
100 0 |a Sampedro Nieto, Francisco  |e author  |9 383767 
245 1 0 |a San Vicente de Paul 
246 1 3 |a La espiritualidad de la acción 
300 |a 136 p 
942 |c BK 
945 |d 19970426 00:00:00  |a aalvarez 
260 |a Santiago  |b Congregación de Padres Vicentinos  |c 1996 
600 0 7 |a SAN VICENTE DE PAUL  |2 CL-VaPUC  |9 314458 
650 0 |a Vida cristiana  |9 258753 
650 0 |a Espiritualidad   |9 267331 
583 |a last modification  |c 20130306 02:11:10  |k Rodrigo Vera 
999 |c 258614  |d 258612 
952 |0 0  |1 0  |4 0  |6 248_894200000000000_SAM_1996  |7 0  |8 A  |9 282849  |a BIBTEO  |b BIBTEO  |d 2019-11-19  |i 3251268  |o 248.8942 SAM 1996  |p 3251268  |r 2025-01-17  |w 2019-11-19  |y BK  |k ICR 
952 |0 0  |1 0  |4 0  |6 248_894200000000000_SAM_1996  |7 0  |8 A  |9 282850  |a BIBTEO  |b BIBTEO  |d 2019-11-19  |i 2023989  |o 248.8942 SAM 1996  |p 2023989  |r 2025-01-17  |w 2019-11-19  |y BK  |k ICR 
952 |0 0  |1 0  |4 0  |6 248_894200000000000_SAM_1996  |7 0  |8 A  |9 282851  |a BIBTEO  |b BIBTEO  |d 2019-11-19  |i 2023970  |o 248.8942 SAM 1996  |p 2023970  |r 2025-01-17  |w 2019-11-19  |y BK  |k ICR 
952 |0 0  |1 0  |4 0  |6 248_894200000000000_SAM_1996  |7 0  |8 A  |9 282852  |a BIBTEO  |b BIBTEO  |d 2019-11-19  |i 2023962  |o 248.8942 SAM 1996  |p 2023962  |r 2025-01-17  |w 2019-11-19  |y BK  |k ICR 
952 |0 0  |1 0  |4 0  |6 248_894200000000000_SAM_1996  |7 0  |8 A  |9 282853  |a BIBTEO  |b BIBTEO  |d 2019-11-19  |i 4071735  |o 248.8942 SAM 1996  |p 4071735  |r 2025-01-17  |w 2019-11-19  |y BK  |k ICR 
952 |0 0  |1 0  |4 0  |6 248_894200000000000_SAM_1996  |7 0  |8 A  |9 282854  |a BIBTEO  |b BIBTEO  |d 2019-11-19  |i 4071743  |o 248.8942 SAM 1996  |p 4071743  |r 2025-01-17  |w 2019-11-19  |y BK  |k ICR 
952 |0 0  |1 0  |4 0  |6 248_894200000000000_SAM_1996  |7 0  |8 A  |9 282855  |a BIBTEO  |b BIBTEO  |d 2019-11-19  |i 4071751  |o 248.8942 SAM 1996  |p 4071751  |r 2025-01-17  |w 2019-11-19  |y BK  |k ICR 
952 |0 0  |1 2  |4 0  |6 248_894200000000000_SAM_1996  |7 0  |8 A  |9 282856  |a BIBTEO  |b BIBTEO  |d 2019-11-19  |i 407176K  |o 248.8942 SAM 1996  |p 407176K  |r 2019-11-19  |w 2019-11-19  |x Descarte 2019  |y BK  |k ICR 
952 |0 0  |1 0  |4 0  |6 248_894200000000000_SAM_1996  |7 0  |8 A  |9 282857  |a BIBTEO  |b BIBTEO  |d 2019-11-19  |i 4071719  |o 248.8942 SAM 1996  |p 4071719  |r 2025-01-17  |w 2019-11-19  |y BK  |k ICR 
952 |0 0  |1 0  |4 0  |6 248_894200000000000_SAM_1996  |7 0  |8 A  |9 282858  |a BIBTEO  |b BIBTEO  |d 2019-11-19  |i 4071778  |o 248.8942 SAM 1996  |p 4071778  |r 2024-01-18  |w 2019-11-19  |y BK  |k ICR 
952 |0 0  |1 0  |4 0  |6 248_894200000000000_SAM_1996  |7 0  |8 A  |9 282859  |a BIBTEO  |b BIBTEO  |d 2019-11-19  |i 4071727  |o 248.8942 SAM 1996  |p 4071727  |r 2025-01-17  |w 2019-11-19  |y BK  |k ICR